BIBLIOTECA PODER JUDICIAL
Portal Judicial TDF

La ley 27.786 de Organizaciones Criminales / (Registro nro. 5460)

000 -LEADER
fixed length control field 01393nab a22002297a 4500
003 - CONTROL NUMBER IDENTIFIER
control field OSt
005 - DATE AND TIME OF LATEST TRANSACTION
control field 20251113102932.0
008 - FIXED-LENGTH DATA ELEMENTS--GENERAL INFORMATION
fixed length control field 190604e xxu||||| |||| 00| 0 spa d
040 ## - CATALOGING SOURCE
Transcribing agency PJ
100 ## - MAIN ENTRY--PERSONAL NAME
9 (RLIN) 6462
Personal name Farini Duggan, Tomás
245 13 - TITLE STATEMENT
Title La ley 27.786 de Organizaciones Criminales /
Statement of responsibility, etc Farini Duggan, Tomás
260 ## - PUBLICATION, DISTRIBUTION, ETC. (IMPRINT)
Place of publication, distribution, etc Ciudad Autónoma de Buenos Aires :
Name of publisher, distributor, etc Thomson Reuters La Ley,
Date of publication, distribution, etc 2025.
300 ## - PHYSICAL DESCRIPTION
Extent p. 28-44
500 ## - GENERAL NOTE
General note Cita Online: TR LALEY AR/DOC/1155/2025.<br/>
505 ## - FORMATTED CONTENTS NOTE
Title Sumario: I. Marco general de la ley 27.786.— II. Introducción.— III. El contenido de la ley.— IV. Decomiso: antecedentes y evolución.— V. Naturaleza jurídica.— VI. Decomiso sin condena.— VII. Antecedentes del decomiso sin condena.— VIII. El caso de lavado de activos de origen ilícito.— IX. De la vinculación entre el lavado y el decomiso.— X. La ley 27.786 y la posibilidad de establecer decomiso sin sentencia.— XI. Revisión jurisprudencial del decomiso sin condena.— XII. Conclusión.<br/><br/><br/>
505 ## - FORMATTED CONTENTS NOTE
Title ¿Te interesa el texto completo? Solicitalo al correo: koha@justierradelfuego.gov.ar
650 #0 - SUBJECT ADDED ENTRY--TOPICAL TERM
9 (RLIN) 343
Topical term or geographic name as entry element DERECHO PENAL
650 #0 - SUBJECT ADDED ENTRY--TOPICAL TERM
9 (RLIN) 3064
Topical term or geographic name as entry element LAVADO DE ACTIVOS
650 #0 - SUBJECT ADDED ENTRY--TOPICAL TERM
9 (RLIN) 6463
Topical term or geographic name as entry element DECOMISO
773 0# - HOST ITEM ENTRY
Host Biblionumber 2714
Host Itemnumber 3171
Place, publisher, and date of publication Ciudad Autónoma de Buenos Aires : Thomson Reuters La Ley, 2014-
Title Revista anales de legislación argentina. Nº 6 - Junio 2025.
942 ## - ADDED ENTRY ELEMENTS (KOHA)
Source of classification or shelving scheme
Koha item type Analítica Artículo de Revista

No hay ítems disponibles.

12 de Octubre 789 Ushuaia - Tel:  54(02901)441571
Horario de Atención: 8.00 a 17.00 hs. 
bibliotecaush@justierradelfuego.gov.ar
koha@justierradelfuego.gov.ar
Seguinos en nuestras redes @bibliojustdf 

Con tecnología Koha